000 01237cam a2200289 4500
008 041208n1998 000 0 eng u
020 _a0415160081
035 _a(Sirsi) u128249
041 _aeng
100 _aBalchin, P.
245 _aHousing
_bthe essential foundations
260 _aLondon
_bRoutledge
_c1998
300 _axix, 323p.
_c24cm.
350 _a25.99
520 _aProvides a comprehensive introduction to housing studies. Essential reading for students embaring on degree and diploma courses in housing, surveying, town planning and other related subjects. Focuses on key topics including: equal opportunities and housing organisations; town planning and housing development; economics of housing; housing management, design and development; environmental health and housing; property, housing law, policy-making and politics; and future policy issues under the Labour government post 1997.
650 _aTOWN PLANNING
650 _aHOUSING-DEVELOPMENT
650 _aHOUSING MANAGEMENT
650 _aECONOMICS
650 _aENVIRONMENTAL HEALTH
650 _aPROPERTY
650 _aHOUSING POLICY
650 _aGOVERNMENT POLICIES
690 _aHOUSING
700 _aRhoden, Maureen
942 _n0
999 _c103882
_d103882